2012-13 NFL Playoffs - Statistics

General Stats
  • This quiz has been taken 2,073 times
  • The average score is 10 of 12
Answers on the Map
Answers color-coded by a green-red scale on the quiz's map according to % correct below.
 
Answer Stats
Team % Correct
Baltimore Ravens
96%
New England Patriots
96%
San Francisco 49ers
95%
Green Bay Packers
93%
Denver Broncos
89%
Seattle Seahawks
87%
Indianapolis Colts
85%
Atlanta Falcons
84%
Cincinnati Bengals
76%
Houston Texans
75%
Minnesota Vikings
74%
Washington Redskins
72%
No matching quizzes found
Score Distribution
Percent of People with Each Score
Percentile by Number Answered
Your Score History
You have not taken this quiz